[Event "16th Maccabia GM"]
[Site "Tel Aviv ISR"]
[Date "2001.07.16"]
[Round "2"]
[White "Lerner,K"]
[Black "Alekseev,E"]
[Result "1/2-1/2"]
[WhiteElo "2570"]
[BlackElo "2544"]

1.d4 Nf6 2.c4 e6 3.Nc3 Bb4 4.e3 c5 5.Bd3 Nc6 6.Ne2 cxd4 7.exd4 d5 8.cxd5 Nxd5
9.O-O O-O 10.Qc2 h6 11.Rd1 Bd6 12.Bh7+ Kh8 13.Be4 Qh4 14.g3 Qh5 15.Qd3 Nxc3
16.Nxc3 e5 17.Nb5 Rd8 18.d5 Ne7 19.Nxd6 Rxd6 20.Be3 Bf5 21.Bxf5 Nxf5 22.Qe4 Nxe3
23.Qxe3 b6 24.Rac1 Rad8 25.Qe4 f5 26.Qxe5 Qf3 27.Qc3 Qxc3 28.Rxc3 Rxd5 29.Rxd5 Rxd5
30.Rc7 Rd2  1/2-1/2

[Event "16th Maccabia GM"]
[Site "Tel Aviv ISR"]
[Date "2001.07.17"]
[Round "3"]
[White "Alekseev,E"]
[Black "Mikhalevski,A"]
[Result "1-0"]
[WhiteElo "2544"]
[BlackElo "2439"]

1.e4 e5 2.Nf3 Nc6 3.Bc4 Bc5 4.c3 Nf6 5.d3 d6 6.Bb3 a6 7.O-O Ba7 8.Re1 O-O
9.h3 Ne7 10.Nbd2 Ng6 11.Nf1 Nh5 12.d4 Nhf4 13.Ng3 Qf6 14.Nh5 Qe7 15.Bxf4 Nxf4
16.Nxf4 exf4 17.e5 Be6 18.exd6 Qxd6 19.Bxe6 fxe6 20.Qb3 Qd5 21.Rxe6 Qxb3
22.axb3 Rad8 23.b4 Rfe8 24.Rae1 Kf8 25.Kf1 Rxe6 26.Rxe6 c6 27.Ke2 Rd5 28.Re5 Bb8
29.Rxd5 cxd5 30.Ng5 h6 31.Ne6+ Ke7 32.Nc5  1-0

[Event "16th Maccabia GM"]
[Site "Tel Aviv ISR"]
[Date "2001.07.20"]
[Round "6"]
[White "Alekseev,E"]
[Black "Bitansky,I"]
[Result "1/2-1/2"]
[WhiteElo "2544"]
[BlackElo "2363"]

1.e4 e5 2.Bc4 Nc6 3.Nf3 Nf6 4.d3 Be7 5.O-O O-O 6.Bb3 d6 7.c3 Na5 8.Bc2 c5
9.Re1 Nc6 10.Nbd2 Re8 11.Nf1 h6 12.h3 Bf8 13.d4 cxd4 14.cxd4 exd4 15.Nxd4 Nxd4
16.Qxd4 Bd7 17.Ng3 Bc6 18.Bd2 Qb6 19.Bc3 Qxd4 20.Bxd4 Nd7 21.Rad1 Nc5 22.b3 a5
23.Ba1 Rad8 24.Re2 Rd7 25.Bc3 b6 26.Bd4 b5 27.Re3 b4 28.Nh5 Ne6 29.Bb2 Kh8
30.Rg3 d5 31.exd5 Rxd5 32.Rxd5 Bxd5 33.h4 Re7 34.Bf5 Ra7 35.Rd3 Rd7 36.Re3 a4
37.Be5 axb3 38.axb3 Bd6 39.Bb2 Bf8 40.Be5 Bd6 41.Bb2 Bf8 42.Kh1 Ra7 43.Rd3 Ra5
44.Bxe6 Bxe6 45.Nf4 Bf5 46.Rd8 Kg8 47.Nd5 Ra7 48.Nxb4 f6 49.Nd5 Kf7 50.Bd4 Rb7
51.Nb6 Be6 52.Nc4  1/2-1/2

[Event "16th Maccabia GM"]
[Site "Tel Aviv ISR"]
[Date "2001.07.23"]
[Round "9"]
[White "Kaspi,A"]
[Black "Alekseev,E"]
[Result "1/2-1/2"]
[WhiteElo "2446"]
[BlackElo "2544"]

1.d4 Nf6 2.c4 e6 3.Nc3 Bb4 4.e3 c5 5.Bd3 Nc6 6.Ne2 cxd4 7.exd4 d5 8.cxd5 Nxd5
9.Bc2 Bd6 10.Ne4 Be7 11.a3  1/2-1/2

[Event "7th Stage Russian Cup"]
[Site "Togliatty RUS"]
[Date "2001.08.08"]
[Round "1"]
[White "Alekseev,E"]
[Black "Silivanov,S"]
[Result "1/2-1/2"]
[WhiteElo "2544"]
[BlackElo "2316"]

1.e4 e5 2.Bc4 Nf6 3.d3 Nc6 4.Nf3 Be7 5.O-O O-O 6.Bb3 d6 7.c3 d5 8.exd5 Nxd5
9.Re1 Bf6 10.Na3 Bg4 11.Nc4 Nb6 12.h3 Bh5 13.g4 Bg6 14.Ncxe5 Nxe5 15.Nxe5 Bxe5
16.Rxe5 Bxd3 17.Bg5 Qd6 18.Re3 Qg6 19.Bf4 Bc4 20.Qf3 c6 21.Bxc4 Nxc4 22.Re2 Rad8
23.Rae1 Rd3 24.Qg2 h6 25.b3 Nb6 26.c4 Rb8 27.Kh2 Nd7 28.Re8+ Rxe8 29.Rxe8+ Kh7
30.Qe4 Qxe4 31.Rxe4 Kg6 32.Re7 f5 33.gxf5+ Kxf5 34.Be3 Kf6 35.Re8 a6 36.Kg2 Kf7
37.Rc8 Ne5 38.Bf4 Ng6 39.Bg3 Rd7 40.Rb8 Ne7 41.Kf3 Nf5 42.Be5 Ke6 43.Bf4 Rd3+  1/2-1/2

[Event "7th Stage Russian Cup"]
[Site "Togliatty RUS"]
[Date "2001.08.11"]
[Round "4"]
[White "Khamatgaleev,A"]
[Black "Alekseev,E"]
[Result "0-1"]
[WhiteElo "2412"]
[BlackElo "2544"]

1.e4 c5 2.Nf3 e6 3.Nc3 Nc6 4.Bb5 Nge7 5.O-O a6 6.Bxc6 Nxc6 7.d4 cxd4 8.Nxd4 d6
9.Re1 Be7 10.Nxc6 bxc6 11.Qg4 Kf8 12.e5 d5 13.Ne2 h5 14.Qg3 h4 15.Qg4 h3
16.g3 c5 17.c4 Bb7 18.Nc3 Qb6 19.cxd5 exd5 20.e6 d4 21.Qf5 Bf6 22.exf7 Qc6
23.Ne4 Kxf7 24.Bf4 Qd5 25.Qxd5+ Bxd5 26.Nxc5 Rhe8 27.b3 a5 28.Rac1 Rac8 29.Bd2 Rxe1+
30.Bxe1 Bg5 31.f4 Bf6 32.Bf2 Be4 33.Rc4 Bd5 34.Rc1 Bf3 35.a3 Be2 36.Be1 Re8
37.Bd2 d3  0-1

[Event "7th Stage Russian Cup"]
[Site "Togliatty RUS"]
[Date "2001.08.13"]
[Round "6"]
[White "Yandemirov,V"]
[Black "Alekseev,E"]
[Result "1/2-1/2"]
[WhiteElo "2486"]
[BlackElo "2544"]

1.Nf3 c5 2.g3 Nc6 3.d4 cxd4 4.Nxd4 g6 5.Bg2 Bg7 6.Nxc6 bxc6 7.O-O Rb8 8.Nd2 Qc7
9.Nb3 c5 10.c4 d6 11.Bd2 Be6 12.Qc2 Nf6 13.Na5 O-O 14.Rab1 Bf5 15.e4 Be6
16.a3 Nd7 17.b4 cxb4 18.axb4 Rfc8 19.Rfc1 Ne5 20.Be3 Ng4 21.Qd3 Nxe3 22.Qxe3 Qb6
23.e5 Bxe5 24.c5 Qb5 25.cxd6 Rxc1+ 26.Rxc1 Bxd6  1/2-1/2

[Event "7th Stage Russian Cup"]
[Site "Togliatty RUS"]
[Date "2001.08.16"]
[Round "9"]
[White "Alekseev,E"]
[Black "Yevseev,D"]
[Result "1/2-1/2"]
[WhiteElo "2544"]
[BlackElo "2530"]

1.e4 c6 2.d4 d5 3.Nc3 dxe4 4.Nxe4 Bf5 5.Ng3 Bg6 6.h4 h6 7.Nf3 e6 8.Ne5 Bh7
9.Bd3 Bxd3 10.Qxd3 Nd7 11.f4 Ngf6 12.Bd2 Bd6 13.O-O-O Qc7 14.Qf3 Rd8 15.Kb1 O-O
16.c4 c5 17.Nxd7 Rxd7 18.d5 exd5 19.cxd5 Re8 20.Bc3 Qd8 21.Nf5 Bf8 22.Ne3 h5
23.Rhg1 b5 24.g4 Rxe3 25.Qxe3 Nxg4 26.Qf3 b4 27.Be1 Qf6 28.Rg2 Qf5+ 29.Ka1 Bd6
30.Bg3 Be5 31.Qd3 Qxd3 32.Rxd3 Bd4 33.Re2 Rxd5 34.Kb1 Rd7  1/2-1/2

[Event "WYB16"]
[Site "Oropesa del Mar ESP"]
[Date "2001.10.21"]
[Round "1"]
[White "Alekseev,E"]
[Black "Ianocichin,V"]
[Result "1-0"]
[WhiteElo "2548"]
[BlackElo "2180"]

1.e4 c5 2.Nf3 e6 3.d4 cxd4 4.Nxd4 Nf6 5.Nc3 Nc6 6.Ndb5 Bb4 7.a3 Bxc3+ 8.Nxc3 d5
9.exd5 exd5 10.Bd3 O-O 11.O-O d4 12.Ne2 Re8 13.Bg5 h6 14.Bh4 a6 15.Re1 g5
16.Bg3 Ne4 17.Nxd4 Qxd4 18.c3 Bg4 19.cxd4 Bxd1 20.Bxe4 Bb3 21.d5 Nd4 22.d6 Nc2
23.Bxc2 Bxc2 24.f3 Ba4 25.Rac1 f5 26.Be5 Bc6 27.Kf2 Rad8 28.Rc5 Kf8  1-0

[Event "WYB16"]
[Site "Oropesa del Mar ESP"]
[Date "2001.10.23"]
[Round "3"]
[White "Alekseev,E"]
[Black "Erwich,M"]
[Result "1-0"]
[WhiteElo "2548"]
[BlackElo "2295"]

1.e4 e5 2.Nf3 Nc6 3.Bc4 Bc5 4.c3 Nf6 5.d3 a6 6.O-O Ba7 7.Bb3 d6 8.Re1 O-O
9.h3 Ne7 10.Nbd2 Ng6 11.Nf1 h6 12.Ng3 Re8 13.d4 b5 14.Bc2 Bb7 15.a4 c5 16.dxe5 dxe5
17.Qxd8 Rexd8 18.Be3 Bb6 19.Red1 Ne8 20.Nf5 Nf8 21.Nd2 Rac8 22.Nb3 Rxd1+
23.Rxd1 bxa4 24.Nd2 Rd8 25.Bxa4 Nf6 26.f3  1-0

[Event "WYB16"]
[Site "Oropesa del Mar ESP"]
[Date "2001.10.26"]
[Round "6"]
[White "Mamedov,N"]
[Black "Alekseev,E"]
[Result "1/2-1/2"]
[WhiteElo "2405"]
[BlackElo "2548"]

1.Nf3 c5 2.g3 Nc6 3.Bg2 g6 4.O-O Bg7 5.c4 e6 6.Nc3 Nge7 7.e3 Nf5 8.a3 O-O
9.Rb1 a5 10.Nb5 d5 11.d3 Nd6 12.Qc2 b6 13.Nxd6 Qxd6 14.b3 Bb7 15.Bb2 d4 16.e4 e5
17.Rfe1 Rae8 18.Bc1 Nb8 19.Nh4 Qd8 20.f4 exf4 21.Bxf4 Nc6 22.Bd2 Qd7  1/2-1/2

[Event "WYB16"]
[Site "Oropesa del Mar ESP"]
[Date "2001.10.29"]
[Round "8"]
[White "Alekseev,E"]
[Black "Porat,S"]
[Result "1-0"]
[WhiteElo "2548"]
[BlackElo "2365"]

1.e4 c5 2.Nf3 d6 3.d4 cxd4 4.Nxd4 Nf6 5.Nc3 g6 6.Be3 Bg7 7.f3 Nc6 8.Qd2 O-O
9.O-O-O d5 10.exd5 Nxd5 11.Nxc6 bxc6 12.Bd4 e5 13.Bc5 Be6 14.Ne4 Rb8 15.Bc4 Re8
16.Bb3 h6 17.g4 a5 18.h4 Ra8 19.a4 Qc7 20.g5 h5 21.Qf2 Red8 22.Rd3 Bf5 23.Rhd1 Rd7
24.Bc4 Rad8 25.R1d2 Kh7 26.Rd1 Kg8 27.R3d2 Kh7 28.Bf1 Qb7 29.Ba3 Bxe4 30.fxe4 Nb4
31.Bxb4 axb4 32.Rxd7 Rxd7 33.Rxd7 Qxd7 34.Bc4 Qg4 35.Kb1 Qf4 36.Qxf4 exf4
37.Bxf7 f3 38.a5 Bd4 39.a6 Kg7 40.Bc4 Kf8 41.c3 bxc3 42.bxc3 Bc5 43.Kc2 Ke7
44.e5 f2 45.Kd2 Bb6 46.Ke2 Kd7 47.Bd3  1-0

[Event "Petrov Mem Open"]
[Site "St Petersburg RUS"]
[Date "2002.02.14"]
[Round "3"]
[White "Shushpanov,R"]
[Black "Alekseev,E"]
[Result "0-1"]
[WhiteElo "2460"]
[BlackElo "2552"]

1.Nf3 c5 2.c4 Nc6 3.Nc3 Nd4 4.e3 Nxf3+ 5.Qxf3 g6 6.b3 Bg7 7.Bb2 d6 8.g3 Rb8
9.Qe2 Nh6 10.Bg2 Nf5 11.O-O O-O 12.Rab1 a6 13.a3 b5 14.cxb5 axb5 15.b4 c4
16.d3 Be6 17.Nd5 Bxb2 18.Rxb2 Bxd5 19.Bxd5 e6 20.Bg2 d5 21.dxc4 bxc4 22.e4 Nd4
23.Qe3 Nb5 24.exd5 exd5 25.Qc5 Qf6 26.Rd2 Rfc8 27.Qxd5 c3 28.Rd3 c2 29.Rf3 Qb2
30.Rxf7 c1=Q 31.Rxc1 Rxc1+ 32.Bf1 Qd4 33.Qb3 Qd8  0-1

[Event "Petrov Mem Open"]
[Site "St Petersburg RUS"]
[Date "2002.02.18"]
[Round "7"]
[White "Alekseev,E"]
[Black "Skatchkov,P"]
[Result "1-0"]
[WhiteElo "2552"]
[BlackElo "2464"]

1.e4 e5 2.Nf3 Nf6 3.d4 Nxe4 4.Bd3 d5 5.Nxe5 Nd7 6.Nxd7 Bxd7 7.O-O Be7 8.c4 c6
9.cxd5 cxd5 10.Nc3 Nf6 11.Bg5 Bc6 12.Bc2 O-O 13.f3 Re8 14.Qd3 g6 15.Rfe1 Qd6
16.Qd2 Nh5 17.Bxe7 Rxe7 18.Rxe7 Qxe7 19.Re1 Qf6 20.Re5 Nf4 21.g3 Ne6 22.Kg2 Qd8
23.Bb3 Qb6 24.Ne2 Rd8 25.h4 Bb5 26.Bxd5 Bxe2 27.Qxe2 Qxd4 28.Bxe6 fxe6 29.Rxe6 Qd2
30.Kh3 Qd7 31.g4 Rf8 32.Re3 h5 33.Qd3 hxg4+ 34.fxg4 Qc6 35.Qe4 Qxe4 36.Rxe4 Rf3+
37.Kg2 Rd3 38.Rb4 b6 39.g5 Rd5 40.Kf3 b5 41.Ke3 a5 42.Rd4 Re5+ 43.Kd3 Rf5
44.Rd6 Kg7 45.Kc2 Rf2+ 46.Rd2 Rf5 47.a3 Rc5+ 48.Kb3 Rc4 49.Rd7+ Kf8 50.Rb7 a4+
51.Ka2 Rc5 52.b3 Rc2+ 53.Kb1 axb3 54.Rxb5 Rh2 55.Rxb3 Rxh4 56.Rb5 Rg4 57.Re5 Rg2
58.a4 Kf7 59.a5 Rd2 60.a6 Rd7 61.Ra5 Ra7 62.Kc2 Ke6 63.Kd3 Kd7 64.Kd4 Kd6
65.Ra1  1-0

[Event "Petrov Mem Open"]
[Site "St Petersburg RUS"]
[Date "2002.02.19"]
[Round "8"]
[White "Yevseev,D"]
[Black "Alekseev,E"]
[Result "1-0"]
[WhiteElo "2540"]
[BlackElo "2552"]

1.e4 c5 2.Nf3 d6 3.d4 cxd4 4.Nxd4 Nf6 5.Nc3 Nc6 6.Bc4 e6 7.Be3 a6 8.Qe2 Qc7
9.O-O-O Na5 10.Bd3 b5 11.Bg5 Be7 12.a3 Bb7 13.f4 Rc8 14.Bxf6 gxf6 15.Qh5 Qd7
16.Nd5 Rc5 17.b4 exd5 18.e5 dxe5 19.fxe5 Nc6 20.Bf5 Qc7 21.Ne6 Qxe5 22.bxc5 Qa1+
23.Kd2 Qxa3 24.Nc7+ Kd8 25.Nxd5 Nd4 26.Qxf7 Re8 27.Nxe7 Qb4+ 28.Kc1 Qxc5
29.Rxd4+ Qxd4 30.Rd1  1-0

[Event "Petrov Mem Open"]
[Site "St Petersburg RUS"]
[Date "2002.02.20"]
[Round "9"]
[White "Alekseev,E"]
[Black "Riazantsev,A"]
[Result "1-0"]
[WhiteElo "2552"]
[BlackElo "2511"]

1.e4 c6 2.d4 g6 3.Nc3 d5 4.h3 Bg7 5.Nf3 Nf6 6.e5 Nfd7 7.Ne2 Nf8 8.Nf4 Na6
9.c3 Nc7 10.Bd3 Nfe6 11.Ne2 b6 12.Be3 Qd7 13.Qd2 h5 14.O-O Ba6 15.Bc2 Bf8
16.a4 Ng7 17.a5 Nf5 18.Bf4 e6 19.Rfe1 Be7 20.Bg5 Bxg5 21.Qxg5 Bxe2 22.Rxe2 Qe7
23.Qf4 b5 24.Bd3 Kf8 25.g3 Kg7 26.Kg2 Rab8 27.b4 Rbg8 28.Rh1 Kf8 29.Ng5 Ke8
30.Ree1 Na6 31.g4 Ng7 32.Re3 hxg4 33.hxg4 Rxh1 34.Kxh1 Rh8+ 35.Kg2 Rh4 36.Rf3 Nh5
37.Qxf7+ Qxf7 38.Nxf7 Rxg4+ 39.Kf1 Nf4 40.Nd6+ Kd7 41.Bc2 Rh4 42.Ke1 Nc7
43.Rg3 Rh1+ 44.Kd2 Rh2 45.Ke3 Ng2+ 46.Ke2 Nf4+ 47.Kf3 Ne8 48.Nxe8 Kxe8 49.Bxg6+ Nxg6
50.Rxg6 Kf7 51.Rf6+ Ke7 52.Ke3 a6 53.f4 Rh3+ 54.Kd2 Rf3 55.Kc2 Kd7 56.Rf7+ Kc8
57.Kd2 Kd8 58.Ra7 Kc8 59.Re7 Rxf4 60.Rxe6 Kd7 61.Rd6+ Kc7 62.Rh6 Re4 63.Rh7+ Kc8
64.Rh3 Kd7 65.Re3 Rh4 66.Ke2 Rh2+ 67.Kf3 Ke6 68.Kg4 Rc2 69.Rf3 Rg2+ 70.Rg3 Rc2
71.Kg5 Rc1 72.Kg6 Rc2 73.Kg7 Ke7 74.Kh7 Rh2+ 75.Kg8 Rc2 76.Kg7 Rc1 77.Kh7 Rc2
78.Rg7+ Ke6 79.Rg6+ Kd7 80.Kg7 Rxc3 81.Kf7 Rf3+ 82.Rf6 Re3 83.Rd6+ Kc7 84.Ke7 c5
85.bxc5 Re4 86.Rxd5 b4 87.Rd7+ Kc6 88.Rd6+ Kc7 89.Ke6 b3 90.Kd5 Re2 91.Rxa6 b2
92.Rb6  1-0

[Event "Suetin Mem"]
[Site "Tula RUS"]
[Date "2002.03.23"]
[Round "1"]
[White "Dmitriev,I"]
[Black "Alekseev,E"]
[Result "0-1"]
[WhiteElo "2368"]
[BlackElo "2552"]

1.d4 Nf6 2.Nc3 d5 3.Bg5 Nbd7 4.e3 e6 5.Nf3 Be7 6.Bd3 c5 7.a4 O-O 8.O-O b6
9.a5 bxa5 10.Qe1 Bb7 11.Nd1 c4 12.Be2 Bb4 13.c3 Be7 14.Nd2 Bc6 15.f4 a4 16.Rf3 a3
17.bxa3 Re8 18.a4 Rb8 19.Rh3 Nf8 20.g4 N6d7 21.Bxe7 Qxe7 22.g5 a5 23.Nf2 Rb2
24.Ng4 Reb8 25.Bf3 Qd6 26.Qc1 R2b7 27.Bd1 Ng6 28.Bc2 Ndf8 29.Nf3 Rb2 30.Nfe5 Be8
31.Nxg6 Nxg6 32.Qd1 Qe7 33.Ne5 f5 34.gxf6 gxf6 35.Ng4 f5 36.Ne5 Nxe5 37.dxe5 Kh8
38.Rg3 Bg6 39.Rg5 Rf8 40.Qc1 Rfb8 41.Kh1 Be8 42.Qg1 Bc6 43.Qg2 Ba8 44.Rg1 d4
45.e4 Bxe4 46.Bxe4 Rxg2 47.Bxg2 dxc3 48.Bf3 c2 49.R5g2 Qa3  0-1

[Event "Suetin Mem"]
[Site "Tula RUS"]
[Date "2002.03.28"]
[Round "6"]
[White "Alekseev,E"]
[Black "Kornev,Alexe"]
[Result "1/2-1/2"]
[WhiteElo "2552"]
[BlackElo "2536"]

1.e4 c6 2.d4 d5 3.Nc3 dxe4 4.Nxe4 Bf5 5.Ng3 Bg6 6.h4 h6 7.Nf3 Nd7 8.h5 Bh7
9.Bd3 Bxd3 10.Qxd3 e6 11.Bd2 Ngf6 12.Qe2 Qc7 13.O-O-O c5 14.c4 cxd4 15.Nxd4 Rc8
16.Kb1 Bc5 17.Bc3 O-O 18.Ne4 Be7 19.Nxf6+ Nxf6 20.b3 a6 21.Bb2 Rfd8 22.g4 Qf4
23.f3 Bc5 24.Nc2 Qc7 25.Rhf1 b5 26.cxb5 axb5 27.Rxd8+ Rxd8 28.Qxb5 Nd5 29.Rc1 Qa7
30.Qc4 Ra8 31.a4 Rb8 32.Nd4 Bxd4 33.Bxd4 Qb7 34.Kb2 Nb4 35.Rc3 Rd8 36.Ka3 Nd5
37.Rc2 Qe7+ 38.Qc5 Qh4 39.a5 Ra8 40.Rc4 Qe1 41.Ra4 Qb1 42.Bb2 Qf1 43.Qc6 Rb8
44.a6 Qxf3 45.Qc4 Qg3 46.a7 Qd6+ 47.b4 Ra8 48.Ra6 Qg3+ 49.Ka2 Qf2 50.b5 Rxa7
51.Qc8+ Kh7 52.Qf8 e5 53.Qa3 Rd7 54.Rd6 Rxd6 55.Qxd6 Qa7+ 56.Kb1 Qg1+ 57.Ka2 Qa7+  1/2-1/2

[Event "Suetin Mem"]
[Site "Tula RUS"]
[Date "2002.03.30"]
[Round "8"]
[White "Alekseev,E"]
[Black "Kalygin,S"]
[Result "1-0"]
[WhiteElo "2552"]
[BlackElo "2449"]

1.e4 c5 2.Nf3 Nf6 3.e5 Nd5 4.d4 cxd4 5.c3 e6 6.cxd4 d6 7.Bc4 Nc6 8.Qe2 Be7
9.O-O O-O 10.Nc3 Nxc3 11.bxc3 b6 12.Bd3 Bb7 13.Qe4 g6 14.Bh6 Re8 15.Rad1 Qc7
16.Qf4 dxe5 17.dxe5 Na5 18.Ng5 Bf8 19.Qh4 Qxe5 20.Bxf8 Kxf8 21.Bxg6 hxg6
22.Rd7 Qg7 23.Nh7+  1-0

[Event "5th Open"]
[Site "Dubai UAE"]
[Date "2003.04.20"]
[Round "1"]
[White "Himdan,M"]
[Black "Alekseev,E"]
[Result "1/2-1/2"]
[WhiteElo "2322"]
[BlackElo "2607"]

1.e4 c5 2.Nf3 d6 3.d4 cxd4 4.Nxd4 Nf6 5.Nc3 Nc6 6.Bc4 Qb6 7.Nb3 e6 8.Bf4 Ne5
9.Be2 Bd7 10.Be3 Qc7 11.Nb5 Bxb5 12.Bxb5+ Nc6 13.Qf3 a6 14.Bd3 d5 15.Bf4 Bd6
16.Bxd6 Qxd6 17.O-O Ne5 18.Qe2 O-O 19.f4 Nxd3 20.cxd3 dxe4 21.dxe4 Qb6+ 22.Kh1 a5
23.e5 Nd5 24.Qf2 Qxf2 25.Rxf2 Rfc8 26.g3 g6 27.Rd2 Rc4 28.Rc1 Rxc1+ 29.Nxc1 Rc8
30.Ne2 h6 31.Kg2 Rc4 32.Kf3 Kg7 33.h4 a4 34.Nd4 Rc1 35.Kf2 Rb1 36.a3 Rc1
37.Ne2 Rc4 38.Nd4 Rc1 39.Ne2 Rb1 40.Nd4 Nb6 41.Rc2 Rd1 42.Nf3 Nd5 43.Rd2 Rc1
44.Nd4 Ra1 45.Nb5 Rh1 46.Kg2 Rc1 47.Kf2 Rh1 48.Kg2 Rb1 49.Kf2 Rh1  1/2-1/2

[Event "5th Open"]
[Site "Dubai UAE"]
[Date "2003.04.22"]
[Round "3"]
[White "Brodsky,M"]
[Black "Alekseev,E"]
[Result "1/2-1/2"]
[WhiteElo "2559"]
[BlackElo "2607"]

1.e4 c5 2.Nf3 d6 3.d4 cxd4 4.Nxd4 Nf6 5.f3 Nc6 6.c4 Qb6 7.Nc2 e6 8.Nc3 Be7
9.Rb1 O-O 10.Be3 Qa5 11.Qd2 d5 12.cxd5  1/2-1/2

[Event "Open"]
[Site "Santo Domingo DOM"]
[Date "2003.11.29"]
[Round "3"]
[White "Solleveld,Maa"]
[Black "Alekseev,E"]
[Result "0-1"]
[WhiteElo "2484"]
[BlackElo "2613"]

1.e4 c5 2.Nf3 Nc6 3.d4 cxd4 4.Nxd4 Nf6 5.Nc3 e5 6.Ndb5 d6 7.Nd5 Nxd5 8.exd5 Nb8
9.Qf3 a6 10.Qa3 Be7 11.Bg5 f6 12.Bd2 O-O 13.Bb4 Qd7 14.c4 b6 15.Nc3 f5 16.Be2 Bb7
17.Qb3 Qc7 18.O-O Nd7 19.f4 exf4 20.Rxf4 Bg5 21.Rff1 Rae8 22.Qc2 g6 23.Kh1 Ne5
24.b3 Bc8 25.a4 Be3 26.a5 bxa5 27.Bxa5 Qb8 28.Nd1 Bd4 29.Bc3 Ba7 30.Bd2 Ng4
31.Bf4 Qc7 32.Qd2 Qe7 33.Bf3 h6 34.Bxg4 fxg4 35.Nc3 Qf6 36.Qd3 Bf5 37.Qg3 Bd4
38.Rac1 h5 39.Bxd6 h4 40.Qf4 Be3  0-1

[Event "Open"]
[Site "Santo Domingo DOM"]
[Date "2003.11.30"]
[Round "5"]
[White "Stefansson,H"]
[Black "Alekseev,E"]
[Result "1/2-1/2"]
[WhiteElo "2567"]
[BlackElo "2613"]

1.e4 c5 2.Nf3 Nc6 3.d4 cxd4 4.Nxd4 Nf6 5.Nc3 e5 6.Ndb5 d6 7.Bg5 a6 8.Na3 b5
9.Nd5 Be7 10.Bxf6 Bxf6 11.c3 Bg5 12.Nc2 O-O 13.a4 bxa4 14.Rxa4 a5 15.Bb5 Bb7
16.O-O Ne7 17.Nce3 Bxe3 18.Nxe3 Qb6 19.Qd3 Rfd8 20.Nd5 Nxd5 21.exd5 Rdb8
22.Bc4 Qxb2 23.Rb1 e4 24.Rxb2 exd3 25.Bxd3 Bxd5 26.Rxb8+ Rxb8 27.Rxa5  1/2-1/2

[Event "Open"]
[Site "Santo Domingo DOM"]
[Date "2003.12.01"]
[Round "6"]
[White "Alekseev,E"]
[Black "Campora,D"]
[Result "1-0"]
[WhiteElo "2613"]
[BlackElo "2503"]

1.e4 c6 2.d4 d5 3.e5 Bf5 4.c3 e6 5.Be3 Nd7 6.Nd2 Ne7 7.f4 h5 8.Ngf3 Bg6 9.Nh4 Nf5
10.Nxg6 fxg6 11.Bf2 Be7 12.Bd3 Qc7 13.Nf3 O-O-O 14.O-O Rdf8 15.Qd2 Nb6 16.b4 Kd7
17.a4 a6 18.Rfc1 Ke8 19.Qe2 Qd8 20.b5 axb5 21.axb5 cxb5 22.Bxf5 gxf5 23.Qxb5+ Kf7
24.Rcb1 Nc8 25.Qxb7 Kg8 26.Qc6 Rh6 27.Ra8  1-0

[Event "TCh-BIH"]
[Site "Neum BIH"]
[Date "2004.06.04"]
[Round "7"]
[White "Alekseev,Evgeny"]
[Black "Golubovic,B"]
[Result "1/2-1/2"]
[WhiteElo "2616"]
[BlackElo "2424"]

1.c4 e5 2.Nc3 Nc6 3.Nf3 Nf6 4.d3 d5 5.cxd5 Nxd5 6.e3 Nxc3 7.bxc3 Bd6 8.Be2 O-O
9.O-O Qe7 10.Nd2 b6 11.Nc4 Bb7 12.a4 Nd8 13.d4 Re8 14.a5 Rb8 15.Re1 f6 16.Nxd6 Qxd6
17.Qb3+ Kh8 18.Ba3 Qd7 19.Rad1 Qf5 20.axb6 axb6 21.Bb5 Qg6 22.e4 Bc6 23.Bxc6 Nxc6
24.Qc4 Na5 25.Qxc7 exd4 26.Rxd4 Rbc8 27.Qxb6 Nc4 28.Qb3 Ne5 29.Kh1 Qh5 30.Bd6 Nc6
31.Qd5 f5 32.Rc4 Na7 33.Rxc8 Nxc8 34.Bc5 Qg6 35.e5 f4 36.e6 h6 37.f3 Ne7
38.Bxe7 Rxe7 39.c4 Kh7 40.Qe4 Qxe4 41.Rxe4 g5 42.Kg1 Kg7 43.Kf2 Kf8 44.g3 fxg3+
45.Kxg3 Ra7 46.c5 Ke7 47.c6 Rc7 48.Rc4 Kxe6 49.Kg4 Kf6 50.f4 gxf4 51.Kxf4 Ke6
52.Ke4 h5 53.Rc5 h4 54.Kf4 Kd6 55.Rh5 Rxc6 56.Rxh4 Rc4+ 57.Kg5  1/2-1/2

[Event "MTO"]
[Site "Biel SUI"]
[Date "2004.07.19"]
[Round "1"]
[White "Alekseev,Evgeny"]
[Black "Perez,Jos SUI"]
[Result "1-0"]
[WhiteElo "2606"]
[BlackElo "2279"]

1.e4 c5 2.Nf3 d6 3.d4 cxd4 4.Nxd4 Nf6 5.Nc3 e6 6.Be3 a6 7.f3 b5 8.g4 Bb7
9.Qd2 Be7 10.O-O-O Nc6 11.Kb1 Rc8 12.h4 Nd7 13.g5 Nce5 14.Qe1 Nb6 15.Bh3 Nbc4
16.Bc1 Qa5 17.Nce2 b4 18.Rf1 Nd7 19.Ng3 d5 20.f4 dxe4 21.f5 Nc5 22.fxe6 Nxe6
23.Nxe6 Bd5 24.Nxg7+ Kf8 25.Rxd5 Qxd5 26.Be6  1-0

[Event "MTO"]
[Site "Biel SUI"]
[Date "2004.07.20"]
[Round "2"]
[White "Wippermann,T"]
[Black "Alekseev,Evgeny"]
[Result "0-1"]
[WhiteElo "2427"]
[BlackElo "2606"]

1.e4 c5 2.Nc3 e6 3.f4 d5 4.Nf3 dxe4 5.Nxe4 Nf6 6.Nf2 Bd6 7.Nd3 O-O 8.b3 b6
9.g3 Ba6 10.Bb2 Nc6 11.Nde5 Bxf1 12.Nxc6 Qc7 13.Rxf1 Qxc6 14.Qe2 b5 15.Ng5 Be7
16.a4 a6 17.Qf3 Qd7 18.axb5 Rad8 19.Rf2 axb5 20.Re2 c4 21.bxc4 bxc4 22.Ne4 Nd5
23.Kf1 Qb5 24.Be5 Qb6 25.c3 Ra8 26.Rae1 Qc6 27.Bd4 Ra5 28.Kg1 Rfa8 29.g4 Qc7
30.Be5 Qd7 31.Ng3 Ra1 32.Bd4 Qc7 33.f5 Nf4 34.Re3 Nd3 35.Rxa1 Rxa1+ 36.Nf1 e5
37.Qe4 Bd6 38.f6 gxf6 39.g5 exd4 40.Qe8+  0-1

[Event "MTO"]
[Site "Biel SUI"]
[Date "2004.07.26"]
[Round "7"]
[White "Alekseev,Evgeny"]
[Black "Avrukh,B"]
[Result "1/2-1/2"]
[WhiteElo "2606"]
[BlackElo "2600"]

1.e4 c5 2.Nf3 Nc6 3.d4 cxd4 4.Nxd4 Nf6 5.Nc3 e5 6.Ndb5 d6 7.Bg5 a6 8.Na3 b5
9.Nd5 Be7 10.Nxe7 Nxe7 11.Bd3 Bb7 12.Qe2 Nd7 13.b4 f6 14.Bd2 f5 15.c4 fxe4
16.Bxe4 Bxe4 17.Qxe4 O-O 18.cxb5 axb5 19.Nxb5 Qb6 20.Qe2 Rfb8 21.Nc3 Qxb4
22.O-O Nc5 23.Rab1 Qd4 24.Rfd1 Rxb1 25.Rxb1 Nd5 26.Nb5  1/2-1/2

[Event "XIII TCh-RUS"]
[Site "Sochi RUS"]
[Date "2006.04.24"]
[Round "5"]
[White "Aronian,L"]
[Black "Alekseev,Evgeny"]
[Result "1-0"]
[WhiteElo "2756"]
[BlackElo "2640"]

1.d4 Nf6 2.c4 e6 3.Nc3 Bb4 4.e3 c5 5.Ne2 cxd4 6.exd4 d5 7.a3 Bxc3+ 8.Nxc3 Nc6
9.c5 O-O 10.Bf4 Ne4 11.Bd3 Qf6 12.Be3 Nxc3 13.bxc3 e5 14.Rb1 Rb8 15.O-O Bf5
16.Bxf5 Qxf5 17.dxe5 Qxe5 18.Qd2 Qf5 19.Bf4 Ne5 20.Bg3 Rfd8 21.Rfe1 f6 22.Rb4 Rbc8
23.Rxb7 Rxc5 24.Rxa7 Nc6 25.Rc7 Rc4 26.Qb2 Re4 27.Rxe4 Qxe4 28.h3 Ne7 29.f3 Qe6
30.Bf2 h5 31.a4 Nf5 32.g4 Nd6 33.a5 Nf7 34.Qb7 f5 35.gxh5 f4 36.a6 d4 37.cxd4 Rd5
38.Qc8+  1-0

[Event "XIII TCh-RUS"]
[Site "Sochi RUS"]
[Date "2006.04.29"]
[Round "10"]
[White "Miton,K"]
[Black "Alekseev,Evgeny"]
[Result "1/2-1/2"]
[WhiteElo "2646"]
[BlackElo "2640"]

1.e4 c5 2.Nc3 e6 3.Nf3 Nc6 4.Bb5 Nge7 5.O-O a6 6.Bxc6 Nxc6 7.d4 cxd4 8.Nxd4 d6
9.Nxc6 bxc6 10.Qg4 Qf6 11.Na4 Rb8 12.Be3 Qg6 13.Qxg6 hxg6 14.b3 c5 15.Rfd1 Bd7
16.Nb2 Bc6 17.Nc4 Rd8 18.f3 f6 19.Rd2 Be7 20.Bf2 Kf7 21.Rad1 d5 22.exd5 Rxd5
23.Nb6 Rxd2 24.Rxd2 Rb8 25.Nc4 e5 26.Rd3 Ke6 27.Rc3 Rd8 28.Nb2 e4 29.Bxc5 Bxc5+
30.Rxc5 Ba8 31.fxe4 Bxe4 32.Nc4 Rd1+ 33.Kf2 g5 34.Rc7 Ra1 35.Nd2 Bf5 36.Rc6+ Kd5
37.Rxa6 Bxc2 38.Ra7 g6 39.Nc4 Ke6 40.Ra6+ Ke7 41.Nd2 Rd1 42.Ke3 Re1+ 43.Kf2 Rd1
44.Nc4 Bd3 45.Ke3 Bxc4 46.bxc4 Rg1 47.Kf3 Rc1 48.Ra7+ Ke6 49.Ra6+ Ke7 50.Ra7+ Ke6  1/2-1/2

[Event "XIII TCh-RUS"]
[Site "Sochi RUS"]
[Date "2006.04.30"]
[Round "11"]
[White "Alekseev,Evgeny"]
[Black "Asrian,K"]
[Result "1/2-1/2"]
[WhiteElo "2640"]
[BlackElo "2646"]

1.e4 c6 2.d4 d5 3.e5 Bf5 4.Nd2 e6 5.Nb3 Nd7 6.Nf3 Bg6 7.Be2 Ne7 8.Nh4 Be4
9.O-O c5 10.f3 Bg6 11.dxc5 Nc6 12.g3 a5 13.Nxg6 hxg6 14.f4 a4 15.Nd2 Nxc5
16.Kg2 Qb6 17.Nf3 a3 18.bxa3 Ne4 19.Qd3 Na5 20.Qb5+ Qxb5 21.Bxb5+ Kd8 22.Ng5 Nxg5
23.fxg5 Rc8 24.c3 Rxc3 25.Bd2 Rc2 26.Rf2 b6 27.Rc1 Rxa2 28.Be3 Rxf2+ 29.Bxf2 Bc5
30.Bxc5 bxc5 31.Rxc5 Nb3 32.Rc3 Nd4 33.a4 Rf8 34.h4 f6 35.exf6 gxf6 36.gxf6 Rxf6
37.Bd3 e5 38.Rc5 Rd6 39.Bxg6 Rxg6 40.Rxd5+ Ke7 41.Rxe5+ Kf7 42.Rd5 Ne2 43.Rf5+ Kg7
44.a5 Rxg3+ 45.Kf2 Nd4 46.Kxg3 Nxf5+ 47.Kf4 Nd4 48.a6 Nc6 49.Kf5 Kh6 50.Ke6 Kh5
51.Kd6 Na7 52.Kc7 Kxh4 53.Kb7 Nb5 54.Kb6 Nd6 55.a7 Nc8+ 56.Kb7 Nxa7 57.Kxa7  1/2-1/2

[Event "ch-StP"]
[Site "St Petersburg RUS"]
[Date "2006.06.07"]
[Round "5"]
[White "Alekseev,Evgeny"]
[Black "Yemelin,V"]
[Result "0-1"]
[WhiteElo "2640"]
[BlackElo "2520"]

1.d4 d5 2.c4 e6 3.Nf3 c5 4.cxd5 exd5 5.g3 Nc6 6.Bg2 Nf6 7.O-O Be7 8.Nc3 O-O
9.Bg5 cxd4 10.Nxd4 h6 11.Be3 Re8 12.Qc2 Bg4 13.Rad1 Qd7 14.Nb3 Be6 15.Nc5 Bxc5
16.Bxc5 Rad8 17.Rfe1 b6 18.Be3 Bh3 19.Bd4 Bf5 20.Qc1 Ne4 21.Nxd5 Qxd5 22.Bxb6 Qb5
23.Bxd8 Nxd8 24.Rd4 Qb6 25.Qc4 Nxf2 26.Kxf2 Ne6 27.e3 Nxd4 28.Qxd4 Qa6 29.a3 Rc8
30.Rd1 Rc4 31.Qd8+ Kh7 32.Rd2 Rc1 33.Qe7 Bg6 34.Qe5 Qc4 35.h4 Qg4 36.Qf4 Qe6
37.g4 Rc4 38.Rd4 Rc2+ 39.Kg3 Re2 40.e4 h5 41.Bf3 Qb3 42.Rb4 Qd3 43.gxh5 Bxh5
44.Qf5+ Bg6 45.Qd5 Qe3 46.Qd4 Bh5 47.Qxe3 Rxe3 48.Rb5 Bxf3 49.Kf4 Be2  0-1